| 000 | 00000nam##2200000za#4500 |
| 001 | 9.637896 |
| 003 | CaOODSP |
| 005 | 20210624221427 |
| 007 | cr ||||||||||| |
| 008 | 150407|2005||||xxc|||||o f|0| 0 fre|d |
| 040 | |aCaOODSP|bfre |
| 043 | |an-cn--- |
| 086 | 1 |aET5-1/2005F-PDF |
| 110 | 1 |aCanada.|bBureau du commissaire à l'éthique. |
| 245 | 10|aEnjeux et défis 2005 / |h[ressource électronique]|cBernard J. Shapiro. |
| 260 | |aOttawa - Ontario : |bBureau du commissaire à l'éthique |cOctobre 2005. |
| 300 | |a30p. |
| 500 | |a«Enjeux et défis 2005 se veut le complément des deux rapports annuels du commissaire à l’éthique publiés le 30 juin 2005. On y aborde un certain nombre de difficultés conceptuelles et procédurales qui ont marqué la première année de fonctionnement du Bureau du commissaire à l’éthique.»--Page 5 sur 30, Avant-propos. |
| 590 | |a10-13-Supp|b2010-11-23 |
| 775 | 08|tIssues and challenges 2005 / |w(CaOODSP)9.693722 |
| 856 | 40|ahttp://publications.gc.ca|qPDF|s902 Ko|uhttps://publications.gc.ca/collections/collection_2010/ccie-ciec/ET5-1-2005-fra.pdf |